| 000 | 01363nam a22004097a 4500 | ||
|---|---|---|---|
| 001 | 17508734 | ||
| 003 | OSt | ||
| 005 | 20210426121252.0 | ||
| 008 | 880601t19841982nyu 000 f eng d | ||
| 010 | _a 2012661050 | ||
| 020 | _a9780345303059 | ||
| 020 | _a0345303059 | ||
| 035 | _a(OCoLC)ocn224060584 | ||
| 035 | _a(OCoLC)224060584 | ||
| 040 |
_aERI _beng _cUTO _dOCLCQ _dDLC |
||
| 041 | _aeng | ||
| 042 | _alccopycat | ||
| 050 | 0 | 0 | _aCPB Box no. 11 vol. 1 |
| 080 |
_a821.111 _bC-59 |
||
| 100 | 1 |
_aClarke, Arthur C. _q(Arthur Charles), _d1917-2008. |
|
| 245 | 1 | 0 |
_a2010, odyssey two / _cArthur C. Clarke. _b/ by: Ballantine Books |
| 250 | _a1st U.S. edition | ||
| 260 |
_aNew York : _bBallantine Books _cc1982. |
||
| 300 |
_axv, 293 p. _c24 cm. |
||
| 490 | 0 | _aDel Rey Science fiction | |
| 490 | 0 | _aDel Rey | |
| 490 | 0 | _aBallantine | |
| 500 | _aSequel to: 2001, a space odyssey. | ||
| 500 | _a"A Del Rey book." | ||
| 650 | 0 |
_9254 _aEnglish literature |
|
| 653 | _aინგლისური ლიტერატურა | ||
| 655 | 7 |
_aScience fiction. _2gsafd |
|
| 710 | 2 |
_aCopyright Paperback Collection (Library of Congress) _5DLC |
|
| 906 |
_a0 _bcbc _ccopycat _d2 _encip _f20 _gy-genrareb |
||
| 942 |
_2udc _cBK _e1 |
||
| 999 |
_c1154 _d1154 |
||